000
00175nam a2200073Ia 4500
008
170817s9999 xx 000 0 und d
100
_a
KUMAR N.
245
0
_a
TEACHING OF GENERAL SCIENCE
260
_b
ANMOL PUB.
999
_c
37882
_d
37882